000 00722nam a2200193 a 4500
003 0
005 20250428090812.0
008 050808s19uu xx 00 eng d
050 _aPHS HQ 756.F38
_b.B84 2005
100 _aBugna, Marvin Jino S.
245 _aFather and son relationship among low-income families in Parañaque /
_cMarvin Jino S. Bugna.
260 _aLas Piñas City, Philippines :
_bSouthville International School and Colleges,
_c2005.
300 _a35 pages :
_billustrations ;
_c28 cm.
504 _aIncludes bibliographical references.
650 _aFather and child.
650 _aFathers
_xFamily relationships.
650 _aLow-income families
_xSocial conditions
_zPhilippines.
942 _2lcc
_cPASS
999 _c97195
_d97195